Statistics for Teams in Cartoons and Anime

Click here to take the quiz!

General Stats

  • This quiz has been taken 235 times
  • The average score is 16 of 40

Answer Stats

HintAnswer% Correct
The Straw HatsMonkey D. Luffy
71%
Team Avatar 1Aang
69%
Katara
62%
Zuko
62%
The Z FightersGoku
61%
Team 7Naruto Uzomaki
59%
Toph
58%
Sakura Haruno
57%
Sasuke Uchiha
57%
Sokka
56%
Team Avatar 2Korra
55%
Kakashi Hatake
54%
Vegeta
53%
Nami
49%
Appa
46%
Gohan
45%
Momo
41%
Sanji
41%
Future Trunks
37%
Krillin
37%
Trunks
37%
Piccolo
36%
Suki
33%
Bolin
32%
Yamcha
32%
Brook
31%
Usopp
31%
Franky
30%
Goten
30%
Mako
28%
Tien Shinhan
28%
Roronoa Zoro
27%
Nico Robin
26%
Asami
25%
Tony Tony Chopper
25%
Android 18
16%
Naga
12%
Pabu
11%
Chiaotzu
9%
Yajirobe
6%

Score Distribution

Percentile by Number Answered

Percent of People with Each Score

Your Score History

You have not taken this quiz